Top 10 Countries with the least Farmland - Statistics

General Stats
  • This quiz has been taken 53 times
  • The average score is 3 of 10
Answer Stats
% Answer % Correct
0.95 Singapore
67%
4.57 United Arab Emirates
59%
2.73 Brunei
31%
1.40 Bahamas
23%
3.78 Egypt
21%
3.25 Seychelles
18%
0.53 Suriname
18%
2.70 Norway
15%
2.63 Papua New Guinea
10%
3.86 Solomon Islands
3%
No matching quizzes found
Score Distribution
Percent of People with Each Score
Percentile by Number Answered
Your Score History
You have not taken this quiz